Les Clubs de Ludovic Giuly - Statistiques

Statistiques générales
  • Ce quiz a été pris 40 fois
  • Le résultat moyen est 5 sur 8
Statistiques - réponses
Saisons Club Championnat % Correct
2004-2007 FC Barcelone Liga
97%
1998-2004 AS Monaco Ligue 1
92%
2011-2012 AS Monaco Ligue 2
92%
2007-2008 AS Roma Serie A
54%
1994-1998 Olympique Lyonnais Ligue 1
54%
2012-2013 FC Lorient Ligue 1
38%
2008-2011 Paris SG Ligue 1
32%
2013-2016 Monts d'Or Azergues CFA
5%
Aucun quiz correspondant
Distribution des résultats
% des personnes avec chaque résultat
Percentile par nombre de réponses
Votre historique - résultats
Vous n’avez pas pris ce quiz